Проведение реабилитационных и лечебно-оздоровительных мероприятий среди сотрудников органов внутренних дел (Запись № 9883936)

Подробности
000 -МАРКЕР
контрольное поле 02526nam0a2200349 i 4500
001 - ИДЕНТИФИКАТОР ЗАПИСИ
контрольное поле RU\NLR\BIBL_A\010736263
005 - ИДЕНТИФИКАТОР ВЕРСИИ
контрольное поле 20260407141152.0
010 ## - МЕЖДУНАРОДНЫЙ СТАНДАРТНЫЙ НОМЕР КНИГИ (ISBN)
Номер (ISBN) 9785955206844
Тираж 150
021 ## - НОМЕР ГОСУДАРСТВЕННОЙ РЕГИСТРАЦИИ
Код страны Российская Федерация
Номер 15-16809
035 ## - ДРУГИЕ СИСТЕМНЫЕ НОМЕРА
Идентификатор записи (NILC)RuMoRGB-007887044
035 ## - ДРУГИЕ СИСТЕМНЫЕ НОМЕРА
Идентификатор записи (NLR Aleph) 010736263
100 ## - ДАННЫЕ ОБЩЕЙ ОБРАБОТКИ
Данные общей обработки 20150422d2015 u y0rusy50 ca
101 0# - ЯЗЫК РЕСУРСА
Язык текста, звукозаписи и т.д. русский
102 ## - СТРАНА ПУБЛИКАЦИИ ИЛИ ПРОИЗВОДСТВА
Страна публикации Российская Федерация
105 ## - ПОЛЕ КОДИРОВАННЫХ ДАННЫХ: ТЕКСТОВЫЕ МАТЕРИАЛЫ, МОНОГРАФИЧЕСКИЕ
Кодированные данные о монографическом текстовом документе a|||z|||000yy
200 1# - ЗАГЛАВИЕ И СВЕДЕНИЯ ОБ ОТВЕТСТВЕННОСТИ
Основное заглавие Проведение реабилитационных и лечебно-оздоровительных мероприятий среди сотрудников органов внутренних дел
Сведения, относящиеся к заглавию методические рекомендации
Первые сведения об ответственности МВД России, Федеральное гос. казенное образовательное учреждение доп. проф. образования "Всероссийский ин-т повышения квалификации сотрудников МВД России", Центр изучения проблем доп. проф. образования
Последующие сведения об ответственности [Г. В. Шутко, к.м.н., доц. и др.]
-- под общ. ред. к.м.н., доц., заслуж. врача Рос. Федерации Виталия Алексеевича Сидоренко
210 ## - ПУБЛИКАЦИЯ, РАСПРОСТРАНЕНИЕ И ДР.
Место издания, распространения и т.д. Домодедово, Московская обл.
Имя издателя, распространителя и т. д. ВИПК МВД России
Дата издания, распространения и т.д. 2015
215 ## - ФИЗИЧЕСКАЯ ХАРАКТЕРИСТИКА
Специфическое обозначение материала и объем 71 с.
Другие сведения о физической характеристике ил.
Размеры 21
320 ## - ПРИМЕЧАНИЯ О НАЛИЧИИ В ДОКУМЕНТЕ БИБЛИОГРАФИИ / УКАЗАТЕЛЯ
Текст примечания Библиогр.: с. 67-71 (74 назв.)
606 1# - НАИМЕНОВАНИЕ ТЕМЫ КАК ПРЕДМЕТ
Наименование темы Работники органов внутренних дел
Тематический подзаголовок Адаптация психическая
-- Расстройства
Системный номер авторитетной/нормативной записи 2217180
Идентификатор авторитетной/нормативной записи RU\NLR\AUTH\6601564997
610 0# - НЕКОНТРОЛИРУЕМЫЕ ПРЕДМЕТНЫЕ ТЕРМИНЫ
Предметный термин лечебно-оздоровительные мероприятия среди сотрудников МВД
686 1# - ИНДЕКСЫ ДРУГИХ КЛАССИФИКАЦИЙ
Индекс Р124.58
686 1# - ИНДЕКСЫ ДРУГИХ КЛАССИФИКАЦИЙ
Индекс Х621.163.01
702 #1 - ИМЯ ЛИЦА - ВТОРИЧНАЯ ОТВЕТСТВЕННОСТЬ
Начальный элемент ввода Шутко
Часть имени, кроме начального элемента ввода Г. В.
Расширение инициалов личного имени Геннадий Викторович
Код отношения Составитель
702 #1 - ИМЯ ЛИЦА - ВТОРИЧНАЯ ОТВЕТСТВЕННОСТЬ
Код отношения Редактор
Графика поля Кириллица
Материалы, к которым относится поле rus
Начальный элемент ввода Сидоренко
Часть имени, кроме начального элемента ввода В. А.
Даты 1969-2021
Расширение инициалов личного имени Виталий Алексеевич
Системный номер авторитетной/нормативной записи 233557
Идентификатор авторитетной/нормативной записи RU\NLR\AUTH\770233613
712 02 - НАИМЕНОВАНИЕ ОРГАНИЗАЦИИ - ВТОРИЧНАЯ ОТВЕТСТВЕННОСТЬ
Код отношения Прочие
Начальный элемент ввода Всероссийский институт повышения квалификации сотрудников МВД России
Структурное подразделение Центр изучения проблем дополнительного профессионального образования
Идентифицирующий признак Домодедово
Системный номер авторитетной/нормативной записи 670122
Идентификатор авторитетной/нормативной записи RU\NLR\AUTH\8810084040
801 #0 - ИСТОЧНИК ЗАПИСИ
Страна Российская Федерация
Организация РГБ
Дата составления 20150316
Правила каталогизации RCR
942 ## - ДОПОЛНИТЕЛЬНЫЕ ЭЛЕМЕНТЫ ЗАПИСИ (АБИС)
Тип экземпляра АБИС Книга
980 ## - КОЛЛЕКЦИЯ
Название коллекции НБР

Нет доступных экземпляров.